000 00359nam a2200133Ia 4500
008 100328s9999 xx 000 0 und d
082 _b32070
100 _aशाहीर साबळे
245 _aआंाळ दळतय
260 _bयशोधन
630 _aआंाळ दळतय
730 _aआंाळ दळतय
942 _cBOOK
999 _c522876
_d522873